000 00298nam a22001337a 4500
008 170225b xxu||||| |||| 00| 0 eng d
020 _a9780323001342
041 _aeng
080 _a617
100 _a5
101 _aSHK
245 _aCARE OF THE PATIENT IN SURGERY
_cMEEKER, M.H
942 _2udc
_cBK
999 _c6253
_d6253